An Arabic-English lexicon : derived from the best and the most copious eastern sources ... /

Bibliographic Details
Main Author: Lane, Edward William, 1801-1876
Other Authors: Lane-Poole, Stanley, 1854-1931
Format: Book
Language:English
Arabic
Published: London, Edinburgh : Williams and Norgate, 1863-93.
Subjects:

MARC

Tag First Indicator Second Indicator Subfields
LEADER 00000cam a2200000 4500
001 in00000015690
005 20151007052558.0
008 721113m18631893enk d 00010 eng
010 |a  11002310  
035 |a (OCoLC)00493223 
035 |9 AAA8366AM 
040 |a DLC  |c HUC  |d m.c.  |d SER  |d TXA  |d UtOrBLW 
041 0 |a eng  |a ara 
049 |a TXAM  |d [  |v =pt.]  |v 1 [A12569910]  |v 2 [A12569960]  |v 3 [A12569928]  |v 4 [A12569978]  |v 5 [A12569936]  |v 6 [A12569986]  |v 7 [A12569944]  |v 8 [A12569994] 
050 0 0 |a PJ6640  |b .L3 
100 1 |a Lane, Edward William,  |d 1801-1876. 
245 1 3 |a An Arabic-English lexicon :  |b derived from the best and the most copious eastern sources ... /  |c by Edward William Lane. In two books: the first containing all the classical words and significations commonly known to the learned among the Arabs; the second, those that are of rare occurrence and not commonly known. Book I ... 
264 1 |a London,  |a Edinburgh :  |b Williams and Norgate,  |c 1863-93. 
300 |a 1 volume in 8. (xxxii, 3064 pages) ;  |c 35 cm. 
336 |a text  |b txt  |2 rdacontent 
337 |a unmediated  |b n  |2 rdamedia 
338 |a volume  |b nc  |2 rdacarrier 
500 |a Parts 6-8 edited by Stanley Lane-Poole. 
500 |a Book II never published. 
500 |a Memoir of Edward William Lane by Stanley Lane-Poole: pt. 6, p. [v]-xxxix. 
500 |a "Supplement to parts VII. and VIII.": pt: 8, pages [2981]-3064. 
650 0 |a Arabic language  |v Dictionaries  |x English. 
650 0 |a English language  |v Dictionaries  |x Arabic. 
700 1 |a Lane-Poole, Stanley,  |d 1854-1931. 
999 |a MARS 
999 f f |s a9e6390f-e2d8-3b31-bbf8-8a6dc879cb53  |i ff0ac48f-f0ea-3ac3-abc9-29649b9abeba  |t 0 
952 f f |p ric  |a Texas A&M University  |b Rellis Campus  |c Joint Library Facility  |d Remote Storage  |t 0  |e PJ6640 .L3  |f Oversize  |h Library of Congress classification  |i unmediated -- volume  |k pt.3  |m A14812569928 
952 f f |p ric  |a Texas A&M University  |b Rellis Campus  |c Joint Library Facility  |d Remote Storage  |t 0  |e PJ6640 .L3  |f Oversize  |h Library of Congress classification  |i unmediated -- volume  |k pt.2  |m A14812569960 
952 f f |p ric  |a Texas A&M University  |b Rellis Campus  |c Joint Library Facility  |d Remote Storage  |t 0  |e PJ6640 .L3  |f Oversize  |h Library of Congress classification  |i unmediated -- volume  |k pt.5  |m A14812569936 
952 f f |p ric  |a Texas A&M University  |b Rellis Campus  |c Joint Library Facility  |d Remote Storage  |t 0  |e PJ6640 .L3  |f Oversize  |h Library of Congress classification  |i unmediated -- volume  |k pt.4  |m A14812569978 
952 f f |p ric  |a Texas A&M University  |b Rellis Campus  |c Joint Library Facility  |d Remote Storage  |t 0  |e PJ6640 .L3  |f Oversize  |h Library of Congress classification  |i unmediated -- volume  |k pt.8  |m A14812569994 
952 f f |p ric  |a Texas A&M University  |b Rellis Campus  |c Joint Library Facility  |d Remote Storage  |t 0  |e PJ6640 .L3  |f Oversize  |h Library of Congress classification  |i unmediated -- volume  |k pt.1  |m A14812569910 
952 f f |p ric  |a Texas A&M University  |b Rellis Campus  |c Joint Library Facility  |d Remote Storage  |t 0  |e PJ6640 .L3  |f Oversize  |h Library of Congress classification  |i unmediated -- volume  |k pt.6  |m A14812569986 
952 f f |p ric  |a Texas A&M University  |b Rellis Campus  |c Joint Library Facility  |d Remote Storage  |t 0  |e PJ6640 .L3  |f Oversize  |h Library of Congress classification  |i unmediated -- volume  |k pt.7  |m A14812569944 
998 f f |a PJ6640 .L3  |s pt.8  |t 0  |l Remote Storage